000 01444cam a22004094i 4500
003 PE-LiUPU
005 20250731172856.0
008 160920s r 000 0 spa d
035 _a(Sirsi) a163625
049 _aPRUA
082 0 4 _a262
_bG43
100 1 _aGibson, Ty,
_eautor.
245 1 4 _aUna mirada más profunda a la ordenación de la mujer /
_cPor Ty Gibson.
264 _aEE.UU :
_bGIBSON,
_c2015.
300 _a105 páginas ;
_c20 centímetros.
336 _atext
_2rdacontent
337 _unmediated
_2rdamedia
338 _volume
_2rdacarrier
505 0 _aGuiado por la Palabra de Dios -- La condición del asunto -- Antecedentes históricos -- Marido de una sola mujer -- El orden de la creación -- ¿Puede una mujer pastorear una iglesia Local? -- Liderazgo -- El Espíritu Santo decide -- Una verdad demostrada -- Súplica.
526 _aSEG42
526 _aSEG41
526 _aSEG40
526 _aSEG39
526 _aP94
526 _aP87
526 _aP86
526 _aP85
526 _aP77
526 _aP76
526 _aP35
596 _a1
650 1 7 _aMujeres en la Iglesia Católica.
_2embne
650 1 7 _aClero femenino.
942 _2ddc
_cBOOK
999 _a262 G43
_wDEWEY
_c12489
_i74492
_d12489
_e2022-6-13
_f2021-11-10
_g5
_lCCODEBUL1
_mBUL
_n1
_r0
_sY
_tBOOK
_u2016-9-20
_xTEOLOGIA
_PP35
_0COMPRA
_o.STAFF. Colección TEOLOGIA
980 _81
_gALBERTO SANCHEZ Responsable de Automatización